000 00629nam a22002293 4500
001 77353
003 BD-RjUL
005 20211209082949.0
008 200316s1820 enk 000 0 eng
029 _a1820
035 _aCD-0000495017
035 _a(BD-RjUL)77578
040 _aBD-RjUL
_beng
_cBD-RjUL
041 _aeng
082 _223
_a821.7
_bKEL 1820
100 1 _aKeats, John,
_d1795-1821.
_9240998
245 1 0 _aLamia, Isabella, The eve of st. Agnes, and other poems /
_cJohn Keats
260 _aLondon:
_bTaylor and hessey,
_c1820
300 _a496 p.
_c19 cm.
650 _aEnglish poetry
_9240999
942 _2ddc
_cBK
999 _c77353
_d77353